00779nam a2200169Ia 4500003000900000008004100009020002200050040001600072080002200088111008100110245025700191260004700448300001500495650005100510700002500561700002300586IN-BaIIA211028s9999 xx 000 0 eng d a978-1-921916-04-5 cIIA Library a520.1(082.2)bCEL aSymposium to Commemorate 35 Years of the AAOcCoonabarabrand2010 June 21-15 0aCelebrating the AAObpast, present and future; proceedings of a symposium to commemorate 35 years of the AAO and its transition to the Australian Astronomical Observatory held in Coonabarabran, June 21-25, 2010cedited by Russell Cannon and David Malin aAustraliabCommonwealth of Australiac2011 axii, 353p. aAustralian Astronomical Observatory-Congresses aCannon, Russell, ed. aMalin, David, eds.